00498 a2200145 4500010001400000020002200014035001300036037001500049082001100064100001800075245008100093260007200174270008100246300002500327 aENG-86857 a8179940446c50.00 aEN-70390 bDBAD / PUB14a220.211 aKashyap, R.L.1 aHymns on creation and death :cby R.L. Kashyapbin the veda and upanishads / aBangalorebSri Aurobindo Kapali Sastry Inst. of Vedic Culturec2005 a63, 13th Main, 4th Block East, JayanagarbBangaloree560 011minfo@vedah.com avii, 85pc22cm (Pbk)